| 000 | 00651cab a22002055a 4500 | ||
|---|---|---|---|
| 001 | L153337 | ||
| 008 | 110712e2008 xxk 000 0 eng d | ||
| 020 | _a978086382594X | ||
| 035 | _a(Sirsi) u153337 | ||
| 041 | 0 | _aeng | |
| 110 | 2 |
_aBarbour _95332 |
|
| 245 | 0 | 0 |
_aBarbour Compendium _b2008 |
| 250 | 0 | _a32nd ed. | |
| 260 |
_aAscot _bCMP _c2008 |
||
| 300 |
_av, 912p. _bill. _c26cm. |
||
| 520 | _aDirectory of building products and over 7000 suppliers. Searchable by either product or supplier. Lists company details, trade names and useful addresses. | ||
| 651 | 4 |
_aUnited Kingdom _y |
|
| 690 | _aBUILT ENVIRONMENT-BUILDING ELEMENTS | ||
| 942 | _n0 | ||
| 999 |
_c83265 _d83265 |
||